000 00685pam a2200229 a 4500
999 _c3103
_d3103
001 2439883
003 GBCCL
005 20241126110447.0
008 880516s1988 oru 000 0 eng
010 _a 88080061
020 _a0890816891 :
_c$5.95
040 _aDLC
_cDLC
_dDLC
050 0 0 _aBV4911
_b.H33 1988
082 0 0 _a248.86
_219
_bHAG
100 1 _aHaggai, John Edmund.
_91219
245 1 0 _aHow to win over loneliness /
_cJohn Haggai.
260 _aEugene, Or. :
_bHarvest House Publishers,
_cc1988.
300 _a167 p. ;
_c22 cm.
650 0 _aLoneliness
_xReligious aspects
_xChristianity.
_96311
906 _a7
_bcbc
_corignew
_d1
_eopcn
_f19
_gy-gencatlg
942 _2ddc
_cBK
_02